Reglamento de la Facultad de la Real Cámara. (Record no. 169985)

MARC details
000 -LEADER
campo de control de longitud fija 00470nam a22001455i 4500
001 - NÚMERO DE CONTROL
campo de control 169985
003 - IDENTIFICADOR DE NÚMERO DE CONTROL
campo de control ES-MaACL
005 - FECHA Y HORA DE LA ÚLTIMA TRANSACCIÓN
campo de control 20230906214247.0
008 - DATOS DE LONGITUD FIJA--INFORMACIÓN GENERAL
campo de control de longitud fija 090108s1862 sp |||| | spa d
110 2# - ENTRADA PRINCIPAL--NOMBRE DE ENTIDAD CORPORATIVA
Nombre de entidad corporativa o nombre de jurisdicción como elemento de entrada Casa Real.
Unidad subordinada Facultad de la Real Cámara.
9 (RLIN) 139167
245 10 - MENCIÓN DEL TÍTULO
Título Reglamento de la Facultad de la Real Cámara.
260 ## - PUBLICACIÓN, DISTRIBUCIÓN, ETC.
Lugar de publicación, distribución, etc. Madrid :
Nombre del editor, distribuidor, etc. [s.n.],
Fecha de publicación, distribución, etc. 1862 (
Fabricante Aguado)
300 ## - DESCRIPCIÓN FÍSICA
Extensión 13 p. ;
Dimensiones 20 cm.
852 ## - LOCALIZACIÓN
Ubicación ES-MaACL
Número de control de estantería T-370-F-24
Nota libre .- Sello de: "Los Escolares Médicos"
Holdings
Estatus retirado Estado de pérdida Estado de daño No para préstamo Colección Biblioteca de origen Biblioteca actual Ubicación en estantería Fecha de adquisición Fuente de adquisición Total de préstamos Signatura topográfica completa Código de barras Visto por última vez Precio de reemplazo Tipo de ítem Koha
        Colección de folletos Biblioteca del Ateneo de Madrid Biblioteca del Ateneo de Madrid Depósito folletos 08/01/2009     T-370-F-24 1178470 23/02/2023 23/02/2023 Folleto